An asset for managers (Record no. 74978)
[ view plain ]
| 000 -LEADER | |
|---|---|
| fixed length control field | 01104cab a2200205 4500 |
| 001 - CONTROL NUMBER | |
| control field | ABS68868 |
| 008 - FIXED-LENGTH DATA ELEMENTS--GENERAL INFORMATION | |
| fixed length control field | 050324n2005 000 0 eng u |
| 035 ## - SYSTEM CONTROL NUMBER | |
| System control number | (Sirsi) u129177 |
| 100 ## - MAIN ENTRY--PERSONAL NAME | |
| Personal name | Neil-Gallacher, Ettie |
| 245 #3 - TITLE STATEMENT | |
| Title | An asset for managers |
| 260 ## - PUBLICATION, DISTRIBUTION, ETC. | |
| Date of publication, distribution, etc. | 2005 |
| 490 ## - SERIES STATEMENT | |
| Series statement | Property Week |
| Volume/sequential designation | 70(10) 11 March 2005, 89-90(2) |
| 520 ## - SUMMARY, ETC. | |
| Summary, etc. | Reviews the RICS guidelines "Asset management in local authorities". States they are designed to promote best practice in property management by local authorities and are aimed at both property and non-property professionals. They set out a methodology to help local authorities use the economic and service potential of their properties. Aims to be a toolkit for actually managing assets with practical advice. Concludes the guidelines will provide constructive help to local authorities and will promote closer interaction between property and other local authority resources. |
| 590 ## - LOCAL NOTE (RLIN) | |
| Local note | ABS |
| 650 ## - SUBJECT ADDED ENTRY--TOPICAL TERM | |
| Topical term or geographic name entry element | LOCAL AUTHORITIES |
| 650 ## - SUBJECT ADDED ENTRY--TOPICAL TERM | |
| Topical term or geographic name entry element | PROPERTY ASSET MANAGEMENT |
| 650 ## - SUBJECT ADDED ENTRY--TOPICAL TERM | |
| Topical term or geographic name entry element | PROPERTY ASSETS |
| 690 ## - LOCAL SUBJECT ADDED ENTRY--TOPICAL TERM (OCLC, RLIN) | |
| Topical term or geographic name as entry element | PROPERTY MANAGEMENT |
| 9 (RLIN) | 6262 |
| 942 ## - ADDED ENTRY ELEMENTS (KOHA) | |
| Suppress in OPAC | 0 |
| Withdrawn status | Lost status | Source of classification or shelving scheme | Damaged status | Not for loan | Home library | Current library | Shelving location | Date acquired | Total Checkouts | Full call number | Barcode | Date last seen | Copy number | Price effective from | Koha item type |
|---|---|---|---|---|---|---|---|---|---|---|---|---|---|---|---|
| Dewey Decimal Classification | London | London | Journal article | 24/03/2005 | ABS68868 | 129177-1001 | 06/08/2019 | 1 | 06/08/2019 | Journal article |